Thinking, fast and slow (Record no. 57351)
[ view plain ]
| 000 -LEADER | |
|---|---|
| fixed length control field | 00586nam a2200217Ia 4500 |
| 005 - DATE AND TIME OF LATEST TRANSACTION | |
| control field | 20260704175957.0 |
| 008 - FIXED-LENGTH DATA ELEMENTS--GENERAL INFORMATION | |
| fixed length control field | 260704s9999||||xx |||||||||||||| ||und|| |
| 020 ## - INTERNATIONAL STANDARD BOOK NUMBER | |
| International Standard Book Number | 9781846146060 |
| Qualifying information | pbk |
| 082 ## - DEWEY DECIMAL CLASSIFICATION NUMBER | |
| Classification number | 153.42 |
| Item number | KAH |
| 100 ## - MAIN ENTRY--PERSONAL NAME | |
| Personal name | Kahneman, Daniel |
| 245 #0 - TITLE STATEMENT | |
| Title | Thinking, fast and slow |
| 260 ## - PUBLICATION, DISTRIBUTION, ETC. | |
| Place of publication, distribution, etc. | London |
| Name of publisher, distributor, etc. | Allen Lane an imprint of Penguin Books |
| Date of publication, distribution, etc. | 2011 |
| 300 ## - PHYSICAL DESCRIPTION | |
| Extent | 499p. ; 24cm. |
| 653 ## - INDEX TERM--UNCONTROLLED | |
| Uncontrolled term | Cognitive psychology |
| 653 ## - INDEX TERM--UNCONTROLLED | |
| Uncontrolled term | Cognitive psychology |
| 653 ## - INDEX TERM--UNCONTROLLED | |
| Uncontrolled term | Decision making |
| 653 ## - INDEX TERM--UNCONTROLLED | |
| Uncontrolled term | Judgment |
| 653 ## - INDEX TERM--UNCONTROLLED | |
| Uncontrolled term | Reasoning |
| 653 ## - INDEX TERM--UNCONTROLLED | |
| Uncontrolled term | Thought and thinking |
| 942 ## - ADDED ENTRY ELEMENTS (KOHA) | |
| Koha item type | Book |
| Withdrawn status | Lost status | Damaged status | Not for loan | Home library | Current library | Shelving location | Date acquired | Source of acquisition | Total Checkouts | Full call number | Barcode | Date last seen | Price effective from | Koha item type |
|---|---|---|---|---|---|---|---|---|---|---|---|---|---|---|
| LRC, IIT Indore | LRC, IIT Indore | 3rd Floor - General Stack | 04/07/2026 | Gratis Book Price: GBP 14.99 | 153.42 KAH | G2576 | 04/07/2026 | 04/07/2026 | Book |
